00642nam a2200169 a 450000500170000000800410001704000250005804100080008304400070009108200180009811101120011624500590022826000930028730000440038065000250042465000230044920200104041541.0140312b1997 ck a gr|||| 00| 0 spa d aCO-BoIAVHcCO-BoIAVH aspa ack a333.783bC74d2 aCongreso Latinoamericano de parques nacionales y otras áreas protegidascSanta MartadMayo 21-24, 1997nI1 aDeclaración de Santa Marta bGuía para la acción aSanta MartabSistema de Parques Nacionales NaturalesbMinambientebIUCNbFAObCMAPc1997 a23 paginas.bilustraciones;c28 x 21 cm aGestión de parques aÁreas protegidas